<?xml version="1.0" encoding="UTF-8"?>
<record
    xmlns:xsi="http://www.w3.org/2001/XMLSchema-instance"
    xsi:schemaLocation="http://www.loc.gov/MARC21/slim http://www.loc.gov/standards/marcxml/schema/MARC21slim.xsd"
    xmlns="http://www.loc.gov/MARC21/slim">

  <leader>00802nam a22001457a 4500</leader>
  <controlfield tag="008">120618t        xxu||||| |||| 00| 0 eng d</controlfield>
  <datafield tag="020" ind1=" " ind2=" ">
    <subfield code="a">0333277570</subfield>
  </datafield>
  <datafield tag="050" ind1=" " ind2=" ">
    <subfield code="a">HG5843.A3.L36</subfield>
  </datafield>
  <datafield tag="100" ind1=" " ind2=" ">
    <subfield code="a">Langdon, Steven W.</subfield>
  </datafield>
  <datafield tag="245" ind1=" " ind2=" ">
    <subfield code="a">Multinational corporations in the political economy of Kenya. /</subfield>
    <subfield code="c">Steven W. Langdon</subfield>
  </datafield>
  <datafield tag="260" ind1=" " ind2=" ">
    <subfield code="a">London:</subfield>
    <subfield code="b">Macmillan,</subfield>
    <subfield code="c">1981.</subfield>
  </datafield>
  <datafield tag="300" ind1=" " ind2=" ">
    <subfield code="a">229 p.:</subfield>
    <subfield code="c">20cm.</subfield>
  </datafield>
  <datafield tag="505" ind1=" " ind2=" ">
    <subfield code="a">Contents: Multinational corporations and development -- The Kenyan political economy and the Mnc sector -- Subsidiaries, product and reproduction and taste transfer -- Multinational corporations and Kenya industry -- Two case studies -- Manufacturing subsidiaries in the domestic market -- Commercial subsidiaries -- Export-oriented subsidiaries -- Appendix: A : Note on interviews in Kenya</subfield>
  </datafield>
  <datafield tag="942" ind1=" " ind2=" ">
    <subfield code="2">lcc</subfield>
    <subfield code="c">BK</subfield>
  </datafield>
  <datafield tag="999" ind1=" " ind2=" ">
    <subfield code="c">1396</subfield>
    <subfield code="d">8896</subfield>
  </datafield>
  <datafield tag="952" ind1=" " ind2=" ">
    <subfield code="0">0</subfield>
    <subfield code="1">0</subfield>
    <subfield code="2">lcc</subfield>
    <subfield code="4">0</subfield>
    <subfield code="7">0</subfield>
    <subfield code="a">WIUC-1</subfield>
    <subfield code="b">WIUC-1</subfield>
    <subfield code="c">GEN</subfield>
    <subfield code="d">2012-06-18</subfield>
    <subfield code="l">0</subfield>
    <subfield code="o">HG5843.A3.L36</subfield>
    <subfield code="p">3514/12</subfield>
    <subfield code="r">2012-06-18 00:00:00</subfield>
    <subfield code="t">1</subfield>
    <subfield code="w">2012-06-18</subfield>
    <subfield code="y">BK</subfield>
  </datafield>
</record>
